| 000 | 00724nam a22001337a 4500 | ||
|---|---|---|---|
| 040 | _cRUA | ||
| 082 | _aAVM KHO 2015 B507 Or.1 | ||
| 100 | _aKHOEM SOVANBOTTRA, ខឹម សុវណ្ណបុត្រា | ||
| 245 | _aStudy on haemorrhagic septicemia disease in cattle at orang district modulkiri province, សិក្សាអំពីជំងឺសាំរទឹកលើសត្វគោដែលតែងជួបប្រទះនៅក្នុងស្រុកអូររាំង ខេត្តមណ្ឌលគិរី | ||
| 260 |
_aPhnom Penh _bRUA _c2015 |
||
| 300 |
_axi; 43p. _bill. _c29cm. |
||
| 856 | _uhttps://drive.google.com/file/d/1oVK1BKqYgq5YAhM9MdUIoKoYEEGw7Wjk/view?usp=sharing | ||
| 942 | _cAVM | ||
| 999 |
_c8791 _d8791 |
||